00501nam a22001457a 4500003000500000038001800005082000800023100002300031245010800054264003300162300002500195650004600220700003100266856005800297NUST aNusrat Nadeem a200 a Khan Muhammad Ali aInvestigation into the Machinability of Titanium Alloys under Cryogenic Conditions /cMuhammad Ali Khan aIslamabad;bSMME NUST;c2020 a186,p;bill;c30,cm. aPhD-Design and Manufacturing Engineering  aSupervisor Dr Husain imran u http://10.250.8.41:8080/xmlui/handle/123456789/28922